Design and testing of electrical machines (Record no. 23295)

000 -LEADER
fixed length control field 00477nam a22001817a 4500
001 - CONTROL NUMBER
control field 23295
003 - CONTROL NUMBER IDENTIFIER
control field BD-DhUET
008 - FIXED-LENGTH DATA ELEMENTS--GENERAL INFORMATION
fixed length control field 150503b xxu||||| |||| 00| 0 eng d
040 ## - CATALOGING SOURCE
Original cataloging agency DLC
Transcribing agency DLC
Modifying agency BD-DhUET
082 ## - DEWEY DECIMAL CLASSIFICATION NUMBER
Classification number 623.13072
Item number DES/1983
100 ## - MAIN ENTRY--PERSONAL NAME
Personal name Deshpande, M. V.
245 ## - TITLE STATEMENT
Title Design and testing of electrical machines
250 ## - EDITION STATEMENT
Edition statement 1st ed.
260 ## - PUBLICATION, DISTRIBUTION, ETC. (IMPRINT)
Place of publication, distribution, etc. Allahabad
Name of publisher, distributor, etc. Wheeler
Date of publication, distribution, etc. 1983
300 ## - PHYSICAL DESCRIPTION
Extent xvi, 516 p.
Other physical details ill.
650 #0 - SUBJECT ADDED ENTRY--TOPICAL TERM
Topical term or geographic name as entry element Electrical machinery experiments
942 ## - ADDED ENTRY ELEMENTS (KOHA)
Koha item type General Book
Holdings
Lost status Piece designation (barcode) Location (home branch) Koha normalized classification for sorting Copy number Not for loan Koha date last seen Sublocation or collection (holding branch) Koha full call number Damaged status Withdrawn status Source of classification or shelving scheme Shelving location Koha item type Date acquired Price effective from
 72434Central Library, BUET623_130720000000000_DES_19831 2015-05-03Central Library, BUET623.13072/DES/1983   Circulation sectionGeneral Book2015-05-032015-05-03
 72432Central Library, BUET623_130720000000000_DES_19832 2015-05-03Central Library, BUET623.13072/DES/1983   Circulation sectionGeneral Book2015-05-032015-05-03
 72431Central Library, BUET623_130720000000000_DES_19833 2016-04-11Central Library, BUET623.13072/DES/1983   Circulation sectionGeneral Book2015-05-032015-05-03
 72433Central Library, BUET623_130720000000000_DES_19834 2015-05-03Central Library, BUET623.13072/DES/1983   Circulation sectionGeneral Book2015-05-032015-05-03
 72435Central Library, BUET623_130720000000000_DES_19835 2015-06-28Central Library, BUET623.13072/DES/1983   Reading sectionReading Item2015-06-282015-06-28
 72683Central Library, BUET623_130720000000000_DES_19836 2015-06-28Central Library, BUET623.13072/DES/1983   Reading sectionReading Item2015-06-282015-06-28